Générique Les Contes de la Rue Broca - Paroles - Statistiques

Statistiques générales
  • Ce quiz a été pris 45 fois
  • Le résultat moyen est 24 sur 31
Statistiques - réponses
Paroles % Correct
Rue {Broca}
100%
Rue {Broca}
85%
Rue {Broca}
85%
Rue {Broca}
85%
Rue {Broca}
85%
Rue {Broca}
85%
Rue {Broca}
85%
Rue {Broca}
83%
Y'a des sirènes qui se lavent les {pieds}
83%
Rue {Broca}
80%
Rue {Broca}
80%
Rue {Broca}
80%
Rue {Broca}
80%
Rue {Broca}
80%
Dans l'placard y'a une {sorcière}
78%
Faut pas l'{répéter}
78%
Faut pas l'{répéter}
78%
Faut pas l'{répéter}
78%
Une fée met les doigts dans son {nez}
78%
Faut pas l'{répéter}
76%
Faut pas l'{répéter}
73%
Faut pas l'{répéter}
73%
Faut pas l'{répéter}
73%
Faut pas l'{répéter}
73%
Faut pas l'{répéter}
73%
Les diables vont au {paradis}
73%
Chut ! La sorcière montre son {derrière}
71%
Et un vampire sous le {tapis}
68%
Le roi épouse une {pomme} {de} {terre}
56%
Il y a des {mystères}
51%
Au fond de la {soupière}
49%
Aucun quiz correspondant
Distribution des résultats
% des personnes avec chaque résultat
Percentile par nombre de réponses
Votre historique - résultats
Vous n’avez pas pris ce quiz